00458nam a2200205Ia 4500008004000000041000800040082001700048100002000065245004000085260004000125300001000165650001300175650000600188650000800194650000800202650000800210650001300218650000700231650001400238210210b2015 xxu||||| |||| 00| 0 eng d aeng a940.27K SURY aSURESH RAI (Ke) aYuropina itihasa: kri sha 1789-1990 aMangalurubUnited Publishersc2015 ax,204 aYuropina aV asha asem akri aitihasa: aBA a1789-1990